Графен для повышения водородостойкости циркониевого сплава Е110; Перспективные материалы конструкционного и функционального назначения

Bibliografiska uppgifter
Parent link:Перспективные материалы конструкционного и функционального назначения.— 2024.— С. 206-208
Huvudupphovsman: Сорокин Д. В.
Institutionell upphovsman: Национальный исследовательский Томский политехнический университет (570)
Övriga upphovsmän: Смовж Д. В., Кудияров В. Н. Виктор Николаевич
Sammanfattning:Текстовый файл
Språk:ryska
Publicerad: 2024
Serie:Функциональные материалы
Ämnen:
Länkar:http://earchive.tpu.ru/handle/11683/81585
Materialtyp: Elektronisk Bokavsnitt
KOHA link:https://koha.lib.tpu.ru/cgi-bin/koha/opac-detail.pl?biblionumber=676784

MARC

LEADER 00000naa2a2200000 4500
001 676784
005 20241128135409.0
090 |a 676784 
100 |a 20241120d2024 k||y0rusy50 ca 
101 0 |a rus 
102 |a RU 
135 |a drbn ---uucaa 
200 1 |a Графен для повышения водородостойкости циркониевого сплава Е110  |f Д. В. Сорокин, Д. В. Смовж, В. Н. Кудияров  |g Национальный исследовательский Томский политехнический университет 
225 1 |a Функциональные материалы 
283 |2 RDAcarrier 
320 |a Список литературы: 7 назв 
336 |a Текстовый файл 
463 1 |0 676692  |9 676692  |c Томск  |d 2024  |n Изд-во ТПУ  |o сборник научных трудов Международной научно-технической молодежной конференции, Томск, 21–25 октября 2024 г.  |t Перспективные материалы конструкционного и функционального назначения  |u conference_tpu-2024-C125.pdf  |v С. 206-208  |f ред. кол. С. П. Буякова, Б. С. Зенин, О. Ю. Ваулина [и др.] 
610 1 |a электронный ресурс 
610 1 |a труды учёных ТПУ 
610 1 |a графеновые покрытия 
610 1 |a химическое осаждение 
610 1 |a циркониевые сплавы 
700 1 |a Сорокин  |b Д. В. 
701 1 |a Смовж  |b Д. В. 
701 1 |a Кудияров  |b В. Н.  |g Виктор Николаевич  |c физик  |c доцент Томского политехнического университета, кандидат технических наук  |f 1990-  |9 14893 
712 0 2 |a Национальный исследовательский Томский политехнический университет  |c (2009- )  |9 26305  |4 570 
801 0 |a RU  |b 63413507  |c 20241120 
850 |a 63413507 
856 |u http://earchive.tpu.ru/handle/11683/81585  |z http://earchive.tpu.ru/handle/11683/81585 
942 |c CF